|
|
|
|
| LEADER |
00000nam0a2200000 4500 |
| 001 |
277935 |
| 005 |
20231101235050.0 |
| 020 |
|
|
|a RU
|b 86-19456
|
| 035 |
|
|
|a (RuTPU)RU\TPU\book\301212
|
| 090 |
|
|
|a 277935
|
| 100 |
|
|
|a 20141208d1986 k y0rusy5003 ca
|
| 101 |
0 |
|
|a rus
|
| 102 |
|
|
|a UA
|
| 105 |
|
|
|a a z 001zy
|
| 200 |
1 |
|
|a Концентрация напряжений в трехмерных телах с тонкими включениями
|f В. В. Панасюк, М. М. Стадник, В. П. Силованюк
|g Академия наук Украинской ССР (АН УССР), Физико-механический институт (ФМИ)
|
| 210 |
|
|
|a Киев
|c Наукова думка
|d 1986
|
| 215 |
|
|
|a 216 с.
|c ил.
|
| 320 |
|
|
|a Библиогр.: с. 202-213
|
| 606 |
1 |
|
|a Упругость, теория
|x Математические методы
|2 stltpush
|3 (RuTPU)RU\TPU\subj\63149
|9 80193
|
| 610 |
1 |
|
|a пространство
|
| 610 |
1 |
|
|a упругое равновесие
|
| 610 |
1 |
|
|a напряжение
|
| 610 |
1 |
|
|a включения
|
| 610 |
1 |
|
|a тела с плоскими гранями
|
| 610 |
1 |
|
|a осесимметричные задачи
|
| 610 |
1 |
|
|a упругий слой
|
| 610 |
1 |
|
|a цилиндрические тела
|
| 610 |
1 |
|
|a кручение
|
| 675 |
|
|
|a 539.3:51
|v 4
|
| 700 |
|
1 |
|a Панасюк
|b В. В.
|g Владимир Васильевич
|
| 701 |
|
1 |
|a Стадник
|b М. М.
|g Мирон Михайлович
|
| 701 |
|
1 |
|a Силованюк
|b В. П.
|g Виктор Петрович
|
| 712 |
0 |
2 |
|a Академия наук Украинской ССР (АН УССР)
|b Физико-механический институт (ФМИ)
|c (Львов)
|2 stltpush
|3 (RuTPU)RU\TPU\col\1181
|
| 801 |
|
0 |
|a RU
|b RuMRKP
|c 19950704
|g psbo
|
| 801 |
|
1 |
|a RU
|b 63413507
|c 20141208
|
| 801 |
|
2 |
|a RU
|b 63413507
|c 20171222
|g RCR
|
| 942 |
|
|
|c BK
|